| Tag |
First Indicator |
Second Indicator |
Subfields |
| LEADER |
00000cam a2200000 4500 |
| 001 |
in00000030643 |
| 005 |
20151007062953.0 |
| 008 |
721201s1921 enkh b 00000 eng |
| 010 |
|
|
|a 26004427
|
| 035 |
|
|
|a (OCoLC)00583817
|
| 035 |
|
|
|9 AAD6224AM
|
| 040 |
|
|
|a DLC
|c DLC
|d TXA
|d UtOrBLW
|
| 043 |
|
|
|a e-uk---
|
| 049 |
|
|
|a TXAM
|c [343669]
|
| 050 |
0 |
0 |
|a Z2013
|b .D35 1921
|
| 082 |
0 |
|
|a 016.82/08/00912
|
| 092 |
|
|
|a 820
|b A1D184b
|
| 100 |
1 |
|
|a Danielson, Henry.
|
| 245 |
1 |
0 |
|a Bibliographies of modern authors.
|
| 264 |
|
1 |
|a London :
|b The Bookman's journal,
|c 1921.
|
| 300 |
|
|
|a 211 pages :
|b facsimiles
|
| 336 |
|
|
|a text
|b txt
|2 rdacontent
|
| 337 |
|
|
|a unmediated
|b n
|2 rdamedia
|
| 338 |
|
|
|a volume
|b nc
|2 rdacarrier
|
| 650 |
|
0 |
|a English literature
|y 19th century
|v Bibliography.
|
| 650 |
|
0 |
|a English literature
|y 20th century
|v Bibliography.
|
| 650 |
|
0 |
|a English literature
|x First editions
|v Bibliography.
|
| 730 |
0 |
|
|a Bookman's journal.
|
| 999 |
|
|
|a MARS
|
| 999 |
f |
f |
|s 0399e7d8-df34-30fd-831d-fbef17840a56
|i 9efd5e05-6324-3ab8-8798-f3a8c6b3b904
|t 0
|
| 952 |
f |
f |
|p ric
|a Texas A&M University
|b Rellis Campus
|c Joint Library Facility
|d Remote Storage
|t 0
|e Z2013 .D35 1921
|h Library of Congress classification
|i unmediated -- volume
|m A14801266185
|
| 998 |
f |
f |
|a Z2013 .D35 1921
|t 0
|l Remote Storage
|